Druhé Levočské babie leto

Bibliographic Details
Format: Article
Language:Slovak
Subjects:

MARC

LEADER 00000nab a2200000 ar4500
001 vtls009961940
003 SK-MaSNL
005 20260304013408.0
008 091021c2009 xo wr|p|||||||000 b|slo
038 |a PPPK 
040 |a PPPKCL  |b slo  |c PPPKCL  |e AACR2 
041 0 |a slo 
044 |a xo  |c SK 
080 |a 782/785.079  |2 2001 
245 0 0 |a Druhé Levočské babie leto  |c [autor] (red) 
611 2 7 |a Levočské babie leto  |n (2. :  |d 2009 : Levoča, Slovensko)  |2 pppkcl  |9 1294343 
650 0 7 |a vážna hudba  |2 pppkcl  |9 3218 
650 0 7 |a hudobné festivaly  |2 pppkcl  |9 2958 
651 7 |a Levoča (Slovensko)  |2 pppkcl  |9 26696 
773 0 |t Podtatranské noviny  |g Roč. IIL, č. 40 (2009), s. 3 
852 |a PPPK  |b KIS3GCP 
999 |c 2575647  |d 2577577